[Event "27th Klatovy B 2019"]
[Site "Klatovy CZE"]
[Date "2019.07.01"]
[Round "3.46"]
[White "Roubal, Matyas"]
[Black "Beran, Jakub"]
[Result "0-1"]
[WhiteElo "1019"]
[BlackElo "1539"]
[PlyCount "84"]
[EventDate "2019.06.29"]
[EventType "swiss"]
[EventRounds "9"]
[EventCountry "CZE"]

1. e4 c5 2. Nf3 d6 3. d4 cxd4 4. Nxd4 Nc6 5. Be3 Nf6 6. Nc3 g6 7. Bb5 Bd7 8. Nxc6 Bxc6 9. Bxc6+ bxc6 10. O-O Bg7 11. Qd3 O-O 12. Rad1 Qc7 13. Rfe1 Nd7 14. f4 Rab8 15. b3 Qa5 16. Bd4 e5 17. fxe5 Nxe5 18. Bxe5 Bxe5 19. Re3 Kh8 20. Kh1 f5 21. exf5 Rxf5 22. g3 Rbf8 23. Rde1 c5 24. a4 Bd4 25. Nb5 Bxe3 26. Qxe3 Re5 27. Qd3 Qxe1+ 28. Kg2 Qe2+ 29. Qxe2 Rxe2+ 30. Kh3 Rxc2 31. Nxd6 Rff2 32. Kg4 Rxh2 33. Kg5 Rh5+ 34. Kg4 Rb2 35. Nf7+ Kg7 36. Ng5 Rxg5+ 37. Kxg5 Rxb3 38. g4 c4 39. a5 c3 40. a6 c2 41. Kh4 c1=Q 42. g5 Qf4# 0-1

[Event "27th Klatovy B 2019"]
[Site "Klatovy CZE"]
[Date "2019.07.01"]
[Round "3.47"]
[White "Pecka, Jan"]
[Black "Sobr, Vaclav"]
[Result "1-0"]
[WhiteElo "1537"]
[BlackElo "1498"]
[PlyCount "53"]
[EventDate "2019.06.29"]
[EventType "swiss"]
[EventRounds "9"]
[EventCountry "CZE"]

1. d4 g6 2. c4 Bg7 3. Nc3 d6 4. e4 Nc6 5. Be3 Nf6 6. f3 O-O 7. Qd2 e5 8. d5 Ne7 9. h4 Nh5 10. O-O-O f5 11. Nge2 f4 12. Bf2 Bd7 13. Qd3 Bh6 14. Kb1 a6 15. g3 fxg3 16. Nxg3 Nf4 17. Qc2 b5 18. cxb5 axb5 19. h5 g5 20. Nce2 b4 21. Nxf4 exf4 22. Ne2 Ba4 23. b3 Bb5 24. Nd4 Bd7 25. Bh3 Bg7 26. Bxd7 Bxd4 27. Be6+ 1-0

[Event "27th Klatovy B 2019"]
[Site "Klatovy CZE"]
[Date "2019.07.01"]
[Round "3.48"]
[White "Day, Timothy"]
[Black "Pasek, Josef"]
[Result "1-0"]
[WhiteElo "1527"]
[BlackElo "1067"]
[PlyCount "73"]
[EventDate "2019.06.29"]
[EventType "swiss"]
[EventRounds "9"]
[EventCountry "CZE"]

1. e4 c5 2. a3 Nc6 3. b4 b6 4. b5 Ne5 5. f4 Ng6 6. d3 e6 7. Nf3 Bb7 8. Qe2 d5 9. f5 N6e7 10. fxe6 fxe6 11. Nbd2 Nf6 12. e5 Nd7 13. d4 Nf5 14. c3 Be7 15. g3 O-O 16. Bh3 Bg5 17. Nf1 Bxc1 18. Rxc1 a6 19. a4 axb5 20. axb5 Rc8 21. Bxf5 Rxf5 22. Ne3 Rf8 23. O-O cxd4 24. cxd4 Rxc1 25. Rxc1 Qe7 26. Rc7 Rb8 27. Qc2 Qd8 28. h4 h6 29. Ng4 h5 30. Ng5 Nf8 31. Rf7 Rc8 32. Qb1 Rc7 33. Rxf8+ Kxf8 34. Nxe6+ Ke7 35. Nxd8 Kxd8 36. Ne3 Rc3 37. Kf2 1-0

[Event "27th Klatovy B 2019"]
[Site "Klatovy CZE"]
[Date "2019.07.01"]
[Round "3.49"]
[White "Langmajer, Jan"]
[Black "Veverka, Max"]
[Result "1-0"]
[WhiteElo "1514"]
[BlackElo "1000"]
[PlyCount "35"]
[EventDate "2019.06.29"]
[EventType "swiss"]
[EventRounds "9"]
[EventCountry "CZE"]

1. e4 e5 2. d4 exd4 3. Nf3 d6 4. Nxd4 Nf6 5. Nc3 Be6 6. Nxe6 fxe6 7. Bc4 Qd7 8. O-O Be7 9. f4 O-O 10. f5 Qd8 11. Bxe6+ Kh8 12. g4 Nc6 13. g5 Nd7 14. Qh5 Qc8 15. Rf3 Nd4 16. Rh3 h6 17. gxh6 gxh6 18. Qxh6# 1-0

[Event "27th Klatovy B 2019"]
[Site "Klatovy CZE"]
[Date "2019.07.01"]
[Round "3.50"]
[White "Souralova, Alena"]
[Black "Flajsman, Zdenek"]
[Result "0-1"]
[WhiteElo "1000"]
[BlackElo "1503"]
[PlyCount "74"]
[EventDate "2019.06.29"]
[EventType "swiss"]
[EventRounds "9"]
[EventCountry "CZE"]

1. e4 e5 2. Nf3 Nc6 3. Bc4 Bc5 4. d3 d6 5. Be3 Bb6 6. Nc3 h6 7. Qd2 Nf6 8. O-O-O Nd4 9. a3 Be6 10. Bxe6 fxe6 11. Nh4 Nxe4 12. dxe4 Qxh4 13. g3 Qe7 14. f4 O-O-O 15. fxe5 dxe5 16. Na4 Nb3+ 17. cxb3 Rxd2 18. Rxd2 Bxe3 19. Rhd1 Rd8 20. Nc3 Rxd2 21. Rxd2 Bxd2+ 22. Kxd2 Qf6 23. a4 Qf2+ 24. Ne2 Qxh2 25. Kd3 g5 26. g4 Qh3+ 27. Kd2 Qxg4 28. Kd3 h5 29. b4 h4 30. a5 h3 31. b5 h2 32. a6 Qxe2+ 33. Kc3 h1=R 34. Kb3 Rb1 35. axb7+ Kxb7 36. Ka4 Qxb2 37. Ka5 Qa2# 0-1

[Event "27th Klatovy B 2019"]
[Site "Klatovy CZE"]
[Date "2019.07.01"]
[Round "3.51"]
[White "Bukvaj, Jan"]
[Black "Kaspar, Lukas"]
[Result "0-1"]
[WhiteElo "1158"]
[BlackElo "1886"]
[PlyCount "66"]
[EventDate "2019.06.29"]
[EventType "swiss"]
[EventRounds "9"]
[EventCountry "CZE"]

1. e4 g6 2. d4 Bg7 3. Nf3 c5 4. Bc4 Nc6 5. Ng5 Nh6 6. d5 Ne5 7. Bb3 b5 8. a4 c4 9. Ba2 a6 10. Nc3 b4 11. Ne2 Qc7 12. h3 Bb7 13. f4 f6 14. fxe5 fxg5 15. d6 Qc5 16. Bxg5 Qxe5 17. Bxe7 Qxe4 18. Qd2 c3 19. Qd3 Qxd3 20. cxd3 cxb2 21. Rb1 Nf5 22. Rg1 Nxe7 23. dxe7 Kxe7 24. d4 a5 25. Rxb2 Rac8 26. Kd2 Bh6+ 27. Kd3 Rhe8 28. Rf1 Kd8 29. Nf4 Ba6+ 30. Kd2 Bxf1 31. g3 Bxf4+ 32. gxf4 Re2+ 33. Kd3 Rc3# 0-1

[Event "27th Klatovy B 2019"]
[Site "Klatovy CZE"]
[Date "2019.07.01"]
[Round "3.52"]
[White "Bukvaj, Martin"]
[Black "Macho, Miloslav"]
[Result "0-1"]
[WhiteElo "1220"]
[BlackElo "1745"]
[PlyCount "64"]
[EventDate "2019.06.29"]
[EventType "swiss"]
[EventRounds "9"]
[EventCountry "CZE"]

1. e4 Nf6 2. e5 Nd5 3. d4 d6 4. exd6 exd6 5. g3 Nc6 6. Bg2 Nf6 7. Nf3 Qe7+ 8. Be3 Ng4 9. Qe2 Nxe3 10. fxe3 Bg4 11. Nbd2 O-O-O 12. O-O-O Nxd4 13. Qc4 Bxf3 14. Qxd4 Bxg2 15. Rhg1 Bc6 16. Qxa7 g6 17. Nb3 Bh6 18. Rge1 Qe5 19. Rd3 Bg7 20. Rc3 Qg5 21. Rc4 Qb5 22. Rf4 Rhf8 23. c3 Qa6 24. Qxa6 bxa6 25. Na5 Kd7 26. Ref1 f5 27. Kd2 Rde8 28. Nxc6 Kxc6 29. Kd3 d5 30. Rc1 Re4 31. Rxe4 dxe4+ 32. Kc4 Bh6 0-1

[Event "27th Klatovy B 2019"]
[Site "Klatovy CZE"]
[Date "2019.07.01"]
[Round "3.53"]
[White "Zemanova, Nikola"]
[Black "Zimovcak, Zdenek"]
[Result "1-0"]
[WhiteElo "1403"]
[BlackElo "1600"]
[PlyCount "51"]
[EventDate "2019.06.29"]
[EventType "swiss"]
[EventRounds "9"]
[EventCountry "CZE"]

1. d4 d5 2. f4 Nc6 3. Nf3 Bf5 4. c3 f6 5. e3 g6 6. Nh4 Nh6 7. Nxf5 Nxf5 8. Bd3 Qd7 9. O-O e5 10. fxe5 fxe5 11. Bxf5 gxf5 12. Qh5+ Kd8 13. Rxf5 Qe6 14. Qg4 Qe7 15. e4 dxe4 16. Bg5 Rg8 17. Bxe7+ Nxe7 18. Qxe4 Nxf5 19. Qxf5 exd4 20. Qd5+ Ke8 21. Qxg8 dxc3 22. Nxc3 Kd7 23. Rd1+ Ke7 24. Nd5+ Kd7 25. Nf4+ Ke7 26. Qe6# 1-0

[Event "27th Klatovy B 2019"]
[Site "Klatovy CZE"]
[Date "2019.07.01"]
[Round "3.54"]
[White "Valdman, Jakub"]
[Black "Stastny, Simon"]
[Result "1-0"]
[WhiteElo "1191"]
[BlackElo "1474"]
[PlyCount "93"]
[EventDate "2019.06.29"]
[EventType "swiss"]
[EventRounds "9"]
[EventCountry "CZE"]

1. e4 e5 2. Nf3 Nc6 3. Nc3 Bc5 4. d3 d6 5. Be2 h6 6. Be3 Bb6 7. d4 exd4 8. Nxd4 Nxd4 9. Bxd4 Bxd4 10. Qxd4 Qf6 11. Qc4 Qd8 12. Rd1 Nf6 13. e5 Be6 14. Qb5+ Bd7 15. Qxb7 dxe5 16. Nb5 O-O 17. Qxc7 Qxc7 18. Nxc7 Rac8 19. Nd5 Nxd5 20. Rxd5 Bc6 21. Rxe5 Rce8 22. Rxe8 Rxe8 23. Kd2 Rd8+ 24. Kc1 Bxg2 25. Rd1 Re8 26. Bc4 Bf3 27. Rd3 Be2 28. Rc3 Bxc4 29. Rxc4 Re2 30. Rf4 g5 31. Kd1 Rxc2 32. Kxc2 gxf4 33. Kd3 f5 34. Kd4 Kf7 35. Ke5 Kg6 36. Kxf4 Kf6 37. b4 Ke6 38. a3 Kf6 39. b5 Ke6 40. a4 Kd6 41. a5 Kc5 42. b6 axb6 43. axb6 Kxb6 44. Kxf5 Kc5 45. f4 Kd5 46. Kg6 Ke6 47. f5+ 1-0

[Event "27th Klatovy B 2019"]
[Site "Klatovy CZE"]
[Date "2019.07.01"]
[Round "3.55"]
[White "Konig, Vlastislav 1957"]
[Black "Silhavy, Josef"]
[Result "1-0"]
[WhiteElo "1630"]
[BlackElo "1448"]
[PlyCount "106"]
[EventDate "2019.06.29"]
[EventType "swiss"]
[EventRounds "9"]
[EventCountry "CZE"]

1. e4 c5 2. d4 cxd4 3. c3 Nf6 4. e5 Nd5 5. cxd4 e6 6. Nf3 Qa5+ 7. Bd2 Qb6 8. Nc3 Nc6 9. Nxd5 exd5 10. Bc3 d6 11. Be2 dxe5 12. dxe5 Be6 13. O-O Bc5 14. b3 d4 15. Bb2 Rd8 16. Rc1 O-O 17. Qc2 Be7 18. Rfd1 Nb4 19. Qb1 Bc5 20. Bd3 g6 21. Ne1 Nd5 22. Be4 Nc3 23. Bxc3 dxc3 24. Nd3 Bd4 25. Rc2 f5 26. Bf3 Bd5 27. Bxd5+ Rxd5 28. Re1 Re8 29. Qc1 Qb5 30. Rd1 Qd7 31. Re1 Bxe5 32. Nxe5 Rexe5 33. Kf1 Qb5+ 34. Kg1 Rxe1+ 35. Qxe1 Qd7 36. Re2 Kf7 37. Qxc3 Rd1+ 38. Re1 Rxe1+ 39. Qxe1 Qe6 40. Qd2 a6 41. f4 b5 42. Kf2 Ke7 43. Qd4 h5 44. g3 Qd6 45. Ke3 Qe6+ 46. Kd3 Qd6 47. b4 Qc6 48. Qc5+ Kd7 49. Qxc6+ Kxc6 50. Kd4 Kb6 51. Ke5 Kc6 52. Kf6 Kd5 53. Kxg6 h4 1-0

[Event "27th Klatovy B 2019"]
[Site "Klatovy CZE"]
[Date "2019.07.01"]
[Round "3.56"]
[White "Berkovec, Jakub"]
[Black "Kratochvil, Milos 1976"]
[Result "1-0"]
[WhiteElo "1060"]
[BlackElo "1528"]
[PlyCount "75"]
[EventDate "2019.06.29"]
[EventType "swiss"]
[EventRounds "9"]
[EventCountry "CZE"]

1. e4 c6 2. Nf3 d5 3. exd5 cxd5 4. d4 Nf6 5. Nc3 Nc6 6. Be2 Bf5 7. O-O e6 8. Bg5 Be7 9. Qd2 O-O 10. h3 Rc8 11. Ne5 Ne4 12. Nxe4 Bxe4 13. Bxe7 Nxe7 14. c3 f6 15. Nf3 Qe8 16. Rad1 Nf5 17. g3 Qh5 18. Nh4 Qg5 19. Qxg5 fxg5 20. Nxf5 Bxf5 21. Kh2 Bc2 22. Rd2 Ba4 23. Bg4 Rf6 24. Re2 Kf7 25. Rfe1 Re8 26. f4 gxf4 27. gxf4 g6 28. Kg3 h5 29. Bf3 h4+ 30. Kg4 e5 31. Bxd5+ Kg7 32. Rxe5 Bd7+ 33. Kf3 Rxe5 34. Rxe5 Bc6 35. Bxc6 bxc6 36. Re7+ Kh6 37. Re5 Rf5 38. c4 1-0

[Event "27th Klatovy B 2019"]
[Site "Klatovy CZE"]
[Date "2019.07.01"]
[Round "3.57"]
[White "Kasik, Denis"]
[Black "Levinsky, Ladislav"]
[Result "0-1"]
[WhiteElo "1208"]
[BlackElo "1515"]
[PlyCount "78"]
[EventDate "2019.06.29"]
[EventType "swiss"]
[EventRounds "9"]
[EventCountry "CZE"]

1. e4 g6 2. d4 Bg7 3. Nf3 c6 4. c4 d6 5. h3 a6 6. Nc3 b5 7. a3 Nd7 8. Bf4 Nb6 9. Qb3 Qc7 10. e5 d5 11. cxd5 cxd5 12. Nxd5 Nxd5 13. Qxd5 Bb7 14. Qb3 Bxf3 15. Qxf3 Rd8 16. Rd1 e6 17. Be2 Rd5 18. O-O Ne7 19. Qe4 O-O 20. Bf3 Qa7 21. g4 Nc6 22. Be3 Qd7 23. Qd3 Nxe5 24. Qe2 Nxf3+ 25. Qxf3 Bxd4 26. Bh6 Bg7 27. Bxg7 Kxg7 28. Rxd5 Qxd5 29. Qxd5 exd5 30. Rd1 Rd8 31. Rc1 Rd6 32. Kg2 g5 33. Kg3 Kg6 34. h4 gxh4+ 35. Kxh4 h6 36. Rc8 d4 37. Rc1 d3 38. Kg3 d2 39. Kf3 dxc1=Q 0-1

[Event "27th Klatovy B 2019"]
[Site "Klatovy CZE"]
[Date "2019.07.01"]
[Round "3.58"]
[White "Novy, Jan"]
[Black "Nechvatalova, Eva"]
[Result "1-0"]
[WhiteElo "1473"]
[BlackElo "1134"]
[PlyCount "41"]
[EventDate "2019.06.29"]
[EventType "swiss"]
[EventRounds "9"]
[EventCountry "CZE"]

1. e4 c5 2. b3 Nc6 3. Bb2 d6 4. d3 Nf6 5. Be2 g6 6. g4 Nd4 7. g5 Nd7 8. Bf1 Bg7 9. c3 Nc6 10. f4 Nb6 11. Nh3 O-O 12. Bg2 Bd7 13. Na3 Qc8 14. Nf2 a6 15. h4 h5 16. Nc2 Qc7 17. Bf3 Kh7 18. Ne3 Rg8 19. Bxh5 gxh5 20. Qxh5+ Bh6 21. Qxh6# 1-0

[Event "27th Klatovy B 2019"]
[Site "Klatovy CZE"]
[Date "2019.07.01"]
[Round "3.59"]
[White "Jedlicka, Pavel"]
[Black "Denk, Lukas"]
[Result "1-0"]
[WhiteElo "1445"]
[BlackElo "1092"]
[PlyCount "51"]
[EventDate "2019.06.29"]
[EventType "swiss"]
[EventRounds "9"]
[EventCountry "CZE"]

1. d4 d5 2. f4 Nc6 3. Nf3 Bf5 4. c3 f6 5. e3 g6 6. Nh4 Nh6 7. Nxf5 Nxf5 8. Bd3 Qd7 9. O-O e5 10. fxe5 fxe5 11. Bxf5 gxf5 12. Qh5+ Kd8 13. Rxf5 Qe6 14. Qg4 Qe7 15. e4 dxe4 16. Bg5 Rg8 17. Bxe7+ Nxe7 18. Qxe4 Nxf5 19. Qxf5 exd4 20. Qd5+ Ke7 21. Qxg8 dxc3 22. Nxc3 Kd7 23. Rd1+ Ke7 24. Nd5+ Kd7 25. Nf4+ Ke7 26. Qe6# 1-0

[Event "27th Klatovy B 2019"]
[Site "Klatovy CZE"]
[Date "2019.07.01"]
[Round "3.60"]
[White "Bican, Vojtech"]
[Black "Sykora, Vaclav"]
[Result "1/2-1/2"]
[WhiteElo "1078"]
[BlackElo "1422"]
[PlyCount "63"]
[EventDate "2019.06.29"]
[EventType "swiss"]
[EventRounds "9"]
[EventCountry "CZE"]

1. e4 d6 2. d4 Nf6 3. Nc3 g6 4. Nf3 Bg7 5. Bc4 O-O 6. Bg5 Bg4 7. h3 Bxf3 8. Qxf3 c6 9. e5 dxe5 10. dxe5 Ne8 11. e6 f6 12. Rd1 Nd6 13. Bf4 Kh8 14. O-O Qc7 15. Qg3 Rd8 16. Rd2 g5 17. Bxd6 exd6 18. Re1 Qe7 19. Red1 d5 20. Qe3 Re8 21. Bd3 Qxe6 22. Qxe6 Rxe6 23. Bf5 Re7 24. Re2 Rxe2 25. Nxe2 Na6 26. Re1 Re8 27. Kf1 Kg8 28. Nd4 Rxe1+ 29. Kxe1 h6 30. Ne6 b6 31. Nxg7 Kxg7 32. Ke2 1/2-1/2

[Event "27th Klatovy B 2019"]
[Site "Klatovy CZE"]
[Date "2019.07.01"]
[Round "3.61"]
[White "Kadlec, Rudolf"]
[Black "Vilasek, Martin"]
[Result "1-0"]
[WhiteElo "1400"]
[BlackElo "1063"]
[PlyCount "51"]
[EventDate "2019.06.29"]
[EventType "swiss"]
[EventRounds "9"]
[EventCountry "CZE"]

1. e4 e5 2. d4 exd4 3. Nf3 Bc5 4. Bc4 Nf6 5. e5 Ng4 6. Bxf7+ Kf8 7. O-O d6 8. Kh1 Bf5 9. h3 Nxe5 10. Nxe5 dxe5 11. Bc4 Nc6 12. Qh5 Bg6 13. Qf3+ Ke8 14. Nd2 Rf8 15. Qb3 Na5 16. Qb5+ c6 17. Qxc5 Bf7 18. Qxe5+ Kd7 19. Qxd4+ Kc8 20. Qxd8+ Kxd8 21. Bxf7 Rxf7 22. Nf3 Kc8 23. Re1 Rf8 24. Re7 Rg8 25. Bf4 a6 26. Rd1 1-0

[Event "27th Klatovy B 2019"]
[Site "Klatovy CZE"]
[Date "2019.07.01"]
[Round "3.62"]
[White "Langmajerova, Jana"]
[Black "Batek, Tomas"]
[Result "1-0"]
[WhiteElo "1336"]
[BlackElo "1052"]
[PlyCount "43"]
[EventDate "2019.06.29"]
[EventType "swiss"]
[EventRounds "9"]
[EventCountry "CZE"]

1. e4 d5 2. exd5 Nf6 3. Nc3 c6 4. dxc6 Nxc6 5. Nf3 e6 6. d4 Bd6 7. Bg5 O-O 8. d5 exd5 9. Nxd5 Re8+ 10. Be2 Bg4 11. Nxf6+ gxf6 12. Bh6 Bxf3 13. gxf3 Ne7 14. Qd2 Nf5 15. O-O-O Bf8 16. Rhg1+ Kh8 17. Bxf8 Rxf8 18. Qf4 Qa5 19. Bd3 Ng7 20. Qh6 Nf5 21. Qxf6+ Ng7 22. Qxg7# 1-0

[Event "27th Klatovy B 2019"]
[Site "Klatovy CZE"]
[Date "2019.07.01"]
[Round "3.63"]
[White "Nova, Anezka"]
[Black "Pozar, Pavel"]
[Result "0-1"]
[WhiteElo "1044"]
[BlackElo "1329"]
[PlyCount "78"]
[EventDate "2019.06.29"]
[EventType "swiss"]
[EventRounds "9"]
[EventCountry "CZE"]

1. e4 e5 2. Nf3 Nc6 3. Bc4 Nf6 4. Ng5 d5 5. exd5 Nxd5 6. Nxf7 Kxf7 7. Qf3+ Qf6 8. Qxf6+ Kxf6 9. Bxd5 Nd4 10. Bb3 Be6 11. O-O Bxb3 12. axb3 Ne2+ 13. Kh1 Bd6 14. Re1 Nd4 15. Re4 Nxc2 16. Raa4 Rhf8 17. Rac4 Nb4 18. Nc3 Nd3 19. Nd5+ Ke6 20. Re3 Nxf2+ 21. Kg1 Kxd5 22. g3 Bc5 23. Rec3 Ne4+ 24. Rxc5+ Nxc5 25. d3 Rf3 26. b4 Nxd3 27. Bd2 Raf8 28. Kh1 Nf2+ 29. Kg2 Rxc3 30. bxc3 Nd1 31. Be1 e4 32. Kg1 e3 33. Kg2 e2 34. Kh3 Rf1 35. Bd2 Ne3 36. c4+ Nxc4 37. Bc3 Ne3 38. b5 Rf5 39. Bd2 Rh5# 0-1

[Event "27th Klatovy B 2019"]
[Site "Klatovy CZE"]
[Date "2019.07.01"]
[Round "3.64"]
[White "Dobsa, Emma"]
[Black "Day, Sophia Olivia"]
[Result "1-0"]
[WhiteElo "1325"]
[BlackElo "1021"]
[PlyCount "75"]
[EventDate "2019.06.29"]
[EventType "swiss"]
[EventRounds "9"]
[EventCountry "CZE"]

1. e4 e5 2. Nf3 Nc6 3. Bc4 Nf6 4. d3 d5 5. exd5 Nxd5 6. O-O Bg4 7. h3 Bh5 8. Re1 Bc5 9. Nxe5 O-O 10. Qxh5 Qd6 11. Nxf7 Qd7 12. Bxd5 Rxf7 13. Bxf7+ Qxf7 14. Qxc5 Rf8 15. Be3 Qf6 16. Nc3 h6 17. Re2 Rf7 18. Rae1 Ne5 19. Bd4 Nd7 20. Re8+ Kh7 21. Qd5 Qg6 22. Qe4 Qxe4 23. R1xe4 c5 24. Be5 Rf5 25. Re7 Nxe5 26. R4xe5 Rf6 27. Rxb7 a6 28. Ree7 Rg6 29. Nd5 h5 30. Nf4 Rg5 31. h4 Rg4 32. Nxh5 Kh6 33. Nxg7 Kg6 34. Rb6+ Kh7 35. Nh5+ Kh8 36. Rb8+ Rg8 37. Nf6 Rxb8 38. Rh7# 1-0

[Event "27th Klatovy B 2019"]
[Site "Klatovy CZE"]
[Date "2019.07.01"]
[Round "3.65"]
[White "Hala, Matej"]
[Black "Filip, Petr 1952"]
[Result "0-1"]
[WhiteElo "1014"]
[BlackElo "1324"]
[PlyCount "78"]
[EventDate "2019.06.29"]
[EventType "swiss"]
[EventRounds "9"]
[EventCountry "CZE"]

1. f4 d5 2. Nf3 Nc6 3. g3 Bf5 4. d4 Qd7 5. Bg2 Bh3 6. Bf1 Bxf1 7. Rxf1 O-O-O 8. Bd2 Nf6 9. Nc3 Ne4 10. e3 f6 11. Qe2 a6 12. O-O-O Re8 13. Qd3 Nxd2 14. Rxd2 Nb4 15. Qe2 e6 16. a3 Nc6 17. e4 Na5 18. Rd3 Nc4 19. Nd1 h6 20. Re1 g5 21. Qf2 gxf4 22. gxf4 h5 23. exd5 exd5 24. Rxe8+ Qxe8 25. Ne3 Nd6 26. Nxd5 Ne4 27. Qe3 f5 28. Nh4 Qe6 29. Nc3 b6 30. d5 Qf6 31. Nxe4 Qxh4 32. Nc3 Bc5 33. Qe5 Rf8 34. Qe6+ Kb7 35. Na4 Qxf4+ 36. Kb1 Qxa4 37. Qh6 Qe8 38. b4 Bd6 39. Re3 Qf7 0-1

[Event "27th Klatovy B 2019"]
[Site "Klatovy CZE"]
[Date "2019.07.01"]
[Round "3.67"]
[White "Slechta, Adam"]
[Black "Skalicky, Jindrich"]
[Result "0-1"]
[WhiteElo "1000"]
[BlackElo "1201"]
[PlyCount "70"]
[EventDate "2019.06.29"]
[EventType "swiss"]
[EventRounds "9"]
[EventCountry "CZE"]

1. d4 d5 2. c4 dxc4 3. Nc3 a6 4. e4 b5 5. Nd5 e6 6. Ne3 Bb4+ 7. Bd2 Bxd2+ 8. Qxd2 Nf6 9. Qc2 Qxd4 10. Nf3 Qxe4 11. Qxe4 Nxe4 12. g3 Bb7 13. Bg2 Nc6 14. O-O O-O 15. Rad1 Rfd8 16. Nh4 Nf6 17. b3 Rxd1 18. Rxd1 Rd8 19. Rxd8+ Nxd8 20. Bxb7 Nxb7 21. bxc4 g6 22. f4 h5 23. h3 Ne4 24. Kg2 Nc3 25. a3 Nb1 26. cxb5 axb5 27. Nc2 c5 28. g4 Nd6 29. Kg3 Nc4 30. gxh5 gxh5 31. f5 Nbxa3 32. Nxa3 Nxa3 33. fxe6 fxe6 34. Ng6 b4 35. Ne7+ Kf7 0-1

[Event "27th Klatovy B 2019"]
[Site "Klatovy CZE"]
[Date "2019.07.01"]
[Round "3.68"]
[White "Skutil, Frantisek Elias"]
[Black "Skrivan, Matej 2008"]
[Result "1-0"]
[WhiteElo "1106"]
[BlackElo "1012"]
[PlyCount "65"]
[EventDate "2019.06.29"]
[EventType "swiss"]
[EventRounds "9"]
[EventCountry "CZE"]

1. d4 d5 2. Nc3 Nf6 3. Bf4 Nc6 4. e3 Bg4 5. f3 Bf5 6. g4 Bg6 7. a3 e6 8. h4 h5 9. g5 Nd7 10. Bd3 f5 11. gxf6 Qxf6 12. Bxc7 Bf5 13. Qd2 g5 14. hxg5 Qxg5 15. Bf4 Qg6 16. Bxf5 exf5 17. Nxd5 Rc8 18. O-O-O Qe6 19. Nc7+ Rxc7 20. d5 Qf6 21. dxc6 Bxa3 22. cxd7+ Kd8 23. Bxc7+ Kxc7 24. Qa5+ b6 25. Qxa7+ Kc6 26. Qxa3 f4 27. Qa4+ b5 28. Qa6+ Kc7 29. Qxf6 fxe3 30. Qxh8 e2 31. d8=Q+ Kc6 32. Qhf6+ Kc5 33. Rd5+ 1-0

[Event "27th Klatovy B 2019"]
[Site "Klatovy CZE"]
[Date "2019.07.02"]
[Round "4.1"]
[White "Zak, Jiri1"]
[Black "Masek, Jan"]
[Result "1-0"]
[WhiteElo "1717"]
[BlackElo "1905"]
[PlyCount "109"]
[EventDate "2019.06.29"]
[EventType "swiss"]
[EventRounds "9"]
[EventCountry "CZE"]

1. d4 Nf6 2. c4 c5 3. d5 e6 4. Nc3 exd5 5. cxd5 d6 6. g3 g6 7. Bg2 Bg7 8. Nf3 O-O 9. O-O Re8 10. Re1 Nbd7 11. e4 a6 12. a4 c4 13. Bg5 Qc7 14. Qc2 Nc5 15. Bf1 Nb3 16. Ra2 Bg4 17. Nd2 Nd4 18. Qb1 b5 19. axb5 axb5 20. Rxa8 Rxa8 21. Be3 Nf3+ 22. Nxf3 Bxf3 23. Nxb5 Qa5 24. Nxd6 Nxe4 25. Nxc4 Qxd5 26. Nb6 Qa2 27. Nxa8 Qxa8 28. Qc2 h5 29. h4 Qb8 30. Bf4 Qxb2 31. Qxb2 Bxb2 32. Be3 Kg7 33. Rb1 Bf6 34. Rb3 Bd1 35. Rb4 Bc2 36. Bd4 Bxd4 37. Rxd4 Nf6 38. Rc4 Bb3 39. Rc7 Be6 40. Bc4 Ne8 41. Rc5 Bxc4 42. Rxc4 Nd6 43. Rb4 Kf8 44. Kg2 Ke7 45. Kf3 Ke6 46. Kf4 f6 47. Rb8 Ke7 48. Ra8 Ke6 49. Ke3 g5 50. hxg5 fxg5 51. Rh8 Nf5+ 52. Ke4 Ng7 53. Rh6+ Kf7 54. Ke5 Ke7 55. Rg6 1-0

[Event "27th Klatovy B 2019"]
[Site "Klatovy CZE"]
[Date "2019.07.02"]
[Round "4.2"]
[White "Roskovec, Bedrich"]
[Black "Stanik, Michal"]
[Result "0-1"]
[WhiteElo "1597"]
[BlackElo "1782"]
[PlyCount "53"]
[EventDate "2019.06.29"]
[EventType "swiss"]
[EventRounds "9"]
[EventCountry "CZE"]

1. e4 e6 2. d4 d5 3. Nd2 Nf6 4. e5 Nfd7 5. Bd3 c5 6. c3 Nc6 7. Ngf3 cxd4 8. cxd4 f6 9. exf6 Qxf6 10. Nb3 h6 11. O-O Bd6 12. Re1 O-O 13. Qc2 e5 14. dxe5 Ndxe5 15. Nxe5 Nxe5 16. Be3 Qh4 17. f4 Bb4 18. Rf1 Ng4 19. g3 Nxe3 20. gxh4 Nxc2 21. Bxc2 Bh3 22. Rf3 Rab8 23. Bg6 Bg4 24. Rd3 Rxf4 25. Rxd5 Be6 26. Rd4 Rxd4 27. Nxd4 0-1

[Event "27th Klatovy B 2019"]
[Site "Klatovy CZE"]
[Date "2019.07.02"]
[Round "4.3"]
[White "Vaclavik, Jan"]
[Black "Kastner, Jan"]
[Result "0-1"]
[WhiteElo "1733"]
[BlackElo "1919"]
[PlyCount "98"]
[EventDate "2019.06.29"]
[EventType "swiss"]
[EventRounds "9"]
[EventCountry "CZE"]

1. e4 d6 2. d4 Nf6 3. Nc3 a6 4. a4 g6 5. Bc4 Bg7 6. Nge2 c6 7. O-O d5 8. exd5 cxd5 9. Bb3 O-O 10. h3 Nc6 11. Be3 e6 12. Qd2 Qb6 13. f4 Na5 14. Ba2 Qc7 15. b4 Nc4 16. Bxc4 Qxc4 17. Rfb1 Bd7 18. Rb2 Rfc8 19. Rab1 Bf8 20. g3 Ne8 21. Rb3 Nd6 22. Nc1 Ne4 23. Nxe4 dxe4 24. c3 Bxa4 25. Ra3 Bb5 26. Rab3 Rc7 27. Kg2 Rac8 28. Kh2 Qd5 29. Kg2 Qh5 30. R1b2 Bd6 31. Ra3 b6 32. Rab3 Rc4 33. Ra2 Qf3+ 34. Kh2 Bxb4 35. cxb4 Rxc1 36. Qg2 Qxg2+ 37. Rxg2 R8c3 38. Rxc3 Rxc3 39. Bd2 Rc4 40. g4 Kf8 41. Rf2 f5 42. gxf5 gxf5 43. Kg3 Rxd4 44. Kh4 Rd3 45. Bc1 Rc3 46. Bb2 e3 47. Rg2 Rb3 48. Bd4 e2 49. Bf2 Rb1 0-1

[Event "27th Klatovy B 2019"]
[Site "Klatovy CZE"]
[Date "2019.07.02"]
[Round "4.4"]
[White "Jirasek, Jiri"]
[Black "Bauer, Jan 2005"]
[Result "1/2-1/2"]
[WhiteElo "1908"]
[BlackElo "1721"]
[PlyCount "70"]
[EventDate "2019.06.29"]
[EventType "swiss"]
[EventRounds "9"]
[EventCountry "CZE"]

1. d4 Nf6 2. c4 c5 3. Nf3 cxd4 4. Nxd4 e5 5. Nb3 d5 6. e3 e4 7. Nc3 Bb4 8. Bd2 Be6 9. Nd4 O-O 10. Qb3 Bxc3 11. Bxc3 Qd7 12. Rd1 Nc6 13. Nxc6 bxc6 14. Bxf6 gxf6 15. Qc3 Qb7 16. Be2 Rab8 17. Qxf6 Qxb2 18. Qg5+ Kh8 19. O-O f6 20. Qh5 Bf7 21. Qg4 h5 22. Qf5 Qxe2 23. Qxf6+ Kg8 24. Qg5+ Kh7 25. Qf5+ Bg6 26. Qd7+ Kh6 27. Qxc6 Rxf2 28. Rxf2 Qxd1+ 29. Rf1 Qd3 30. cxd5 Qxe3+ 31. Kh1 Qe2 32. Qf6 Rb7 33. h4 Qd3 34. Qh8+ Rh7 35. Qf8+ Rg7 1/2-1/2

[Event "27th Klatovy B 2019"]
[Site "Klatovy CZE"]
[Date "2019.07.02"]
[Round "4.5"]
[White "Soucek, Petr"]
[Black "Zednik, Zdenek"]
[Result "1-0"]
[WhiteElo "1679"]
[BlackElo "1879"]
[PlyCount "65"]
[EventDate "2019.06.29"]
[EventType "swiss"]
[EventRounds "9"]
[EventCountry "CZE"]

1. d4 Nf6 2. Bg5 Ne4 3. Bf4 d6 4. f3 Nf6 5. e4 g6 6. Bd3 Bg7 7. Ne2 c5 8. Be3 Nc6 9. d5 Ne5 10. Nd2 Qa5 11. O-O b5 12. b4 cxb4 13. Nb3 Qa4 14. a3 bxa3 15. Nc3 Qb4 16. Nxb5 Nc4 17. Nc7+ Kd8 18. Bxc4 Kxc7 19. Be2 Nd7 20. Nd4 Nc5 21. Nb5+ Kd7 22. Bd2 Qb2 23. Rxa3 Ba6 24. Bc1 Qb4 25. c3 Qb1 26. Nd4 Bxe2 27. Qxe2 Qb7 28. Be3 Rhc8 29. Rfa1 Ke8 30. Nc6 Rc7 31. Bxc5 dxc5 32. Qc4 Qb6 33. Rb3 1-0